FC 25 Squad Foundations - Statistics

General Stats
  • This quiz has been taken 8 times
    3 since last reset
  • The average score is 30 of 45
Answer Stats
rat pos club plaeyr % Correct
Squad Foundations 85 ST Villa Women Ebony Salmon
100%
Squad Foundations 88 CDM Al-Ahli Franck Kessié
100%
Squad Foundations 88 CB Sunderland Luke O'Nien
100%
Squad Foundations 85 CM Watford Moussa Sissoko
100%
Squad Foundations 88 ST Leeds United Patrick Bamford
100%
Squad Foundations 85 RW Ajax Steven Berghuis
100%
Squad Foundations 84 CB Fenerbahçe Alexander Djiku
67%
Squad Foundations 85 ST Orlando Pride Ally Watt
67%
Squad Foundations 84 LB Twente Anass Salah-Eddine
67%
Squad Foundations 85 CAM Levante Femenino Ángela Sosa
67%
Squad Foundations 85 RM Galatasaray Barış Alper Yılmaz
67%
Squad Foundations 88 ST Spurs Women Beth England
67%
Squad Foundations 83 CB Sporting CP Eduardo Quaresma
67%
Squad Foundations 87 RB OL Féminin Ellie Carpenter
67%
Squad Foundations 86 CAM Middlesbrough Finn Azaz
67%
Squad Foundations 85 ST Porto Fran Navarro
67%
Squad Foundations 84 RB Benfica Fredrik Aursnes
67%
Squad Foundations 84 CAM Al-Ahli Gabri Veiga
67%
Squad Foundations 84 CM Beşiktaş Gedson Fernandes
67%
Squad Foundations 84 CB Liverpool Women Grace Fisk
67%
Squad Foundations 84 LM Bilbao Femenino Jone Amezaga
67%
Squad Foundations 84 CDM AZ Alkmaar Jordy Clasie
67%
Squad Foundations 84 CM Werder Frauen Juliane Wirtz
67%
Squad Foundations 88 CB Al Hilal Kalidou Koulibaly
67%
Squad Foundations 84 ST Bayer Leverkusen Kristin Kögel
67%
Squad Foundations 85 LM Nantes Féminines Louise Fleury
67%
Squad Foundations 83 CDM NJ/NY Gotham Maitane López
67%
Squad Foundations 86 LB River Plate Marcos Acuña
67%
Squad Foundations 84 LB Portland Thorns Marie Müller
67%
Squad Foundations 84 CDM Montpellier Féminines Marion Torrent
67%
Squad Foundations 88 LB Villa Women Mayumi Pacheco
67%
Squad Foundations 84 RB Coventry Milan Van Ewijk
67%
Squad Foundations 86 RM Brighton Women Nikita Parris
67%
Squad Foundations 84 LB Al-Khaleej Pedro Rebocho
67%
Squad Foundations 85 LM Al Hilal Salem Al Dawsari
67%
Squad Foundations 84 ST La Real Femenino Sanni Franssi
67%
Squad Foundations 85 RM Wolfsburg Frauen Tabea Sellner
67%
Squad Foundations 86 CAM Blackburn Rovers Todd Cantwell
67%
Squad Foundations 84 RM Leeds United Wilfried Gnonto
67%
Squad Foundations 85 CDM LDU Quito Ezequiel Piovi
33%
Squad Foundations 85 CB Boca Juniors Gary Medel
33%
Squad Foundations 86 CAM Racing Club Juan Fernando Quintero
33%
Squad Foundations 84 CM West Ham Women Kristie Lewis
33%
Squad Foundations 85 ST Libertad Óscar Cordozo
33%
Squad Foundations 85 ST Lanús Walter Bou
33%
No matching quizzes found
Score Distribution
Percent of People with Each Score
Percentile by Number Answered
Your Score History
You have not taken this quiz since the last reset